Normal view MARC view

Entry Meeting Name

Number of records used in: 1

001 - CONTROL NUMBER

  • control field: 20427

003 - CONTROL NUMBER IDENTIFIER

  • control field: OSt

005 - DATE AND TIME OF LATEST TRANSACTION

  • control field: 20211105134505.0

008 - FIXED-LENGTH DATA ELEMENTS

  • fixed length control field: 211105|| aca||aabn | a|a d

040 ## - CATALOGING SOURCE

  • Original cataloging agency: OSt
  • Transcribing agency: OSt

111 ## - HEADING--MEETING NAME

  • Meeting name or jurisdiction name as entry element: University of Haifa At Oranim Conference on Asymmetrical Planetary Nebulae
  • Location of meeting: Oranim
  • Date of meeting or treaty signing: 1994 Aug. 8-11

670 ## - SOURCE DATA FOUND

  • Source citation: Work cat.: (OSt): University of Haifa At Oranim Conference on Asymmetrical Planetary Nebulae Oranim 1994 Aug. 8-11, Asymmetrical Planetary nebulae, 1995

Powered by Koha